| 000 | 00584nam a2200205 i 4500 | ||
|---|---|---|---|
| 001 | 147280 | ||
| 003 | ES-MaACL | ||
| 005 | 20240511063038.0 | ||
| 007 | t| | ||
| 008 | 070925s1977 sp ||||1| spa d | ||
| 100 | 1 |
_aUceda, Julia. _9111849 |
|
| 245 | 1 | 0 |
_aCampanas en Sansueña / _cJulia Uceda. |
| 260 |
_aMadrid : _bGráf. Uguina, _c1977. |
||
| 300 |
_a61 p. : _bil. ; _c21 cm. |
||
| 490 | 1 |
_aColección Dulcinea ; _v8 _9187471 |
|
| 830 | 0 |
_aColección Dulcinea ; _v8 _9187471 |
|
| 852 |
_aES-MaACL _jA-7587 _bR.96759 |
||
| 942 | _2udc | ||
| 999 |
_c147280 _d147280 |
||